000 00629nam a2200181Ia 4500
008 090123s9999 xx 000 0 und d
082 _b23135
_a891.463/सव्यसा
100 _aसव्यसाची सिध्दार्थ
245 _aप्रतिशोध
250 _a1
260 _bसाहित्य संपदा प्रकाशन
_c1993
300 _a321
600 _aसव्यसाची सिध्दार्थ
630 _aप्रतिशोध
700 _aसव्यसाची सिध्दार्थ
730 _aप्रतिशोध
942 _cBOOK
999 _c61207
_d61207